000 00589nam a22001937a 4500
005 20251108164758.0
008 250721s1986 xx 000 0 ara d
082 1 4 _a415.09/محم
100 1 _aمحمود، محمود حسيني
245 1 0 _aالمدرسة البغدادية في تاريخ النحو العربي /
264 1 _aبيروت :
_bمؤسسة الرسالة،
_c1986.
300 _a467ص
650 1 7 _aاللغة العربية
650 1 7 _aقواعد اللغة
650 1 7 _aعلم الصرف
650 1 7 _aالتاريخ
942 _2ddc
_cBK
999 _c14156
_d14156